[Event "Gatineau Rentree-A"]
[Site "Gatineau"]
[Date "2017.10.03"]
[Round "4"]
[White "Thibault, Mario"]
[Black "Solunac, Sasha"]
[Result "0-1"]
[WhiteElo "1832"]
[BlackElo "1938"]
[PlyCount "60"]
[EventDate "2017.09.12"]
[EventType "swiss"]
[EventRounds "6"]
[EventCountry "CAN"]
[SourceTitle "EXT 2022"]
[Source "ChessBase"]
[SourceDate "2021.10.06"]
[SourceVersion "1"]
[SourceVersionDate "2021.10.06"]
[SourceQuality "1"]

1. e4 e5 2. Nf3 Nc6 3. d4 exd4 4. Bc4 Bc5 5. c3 Qe7 6. 0-0 d3 7. e5 d6 8. b4 Bb6 9. exd6 Qxd6 10. a4 a6 11. Ba3 Qf4 12. Qxd3 Bf5 13. Qe2+ Qe4 14. Re1 Qxe2 15. Rxe2+ Nge7 16. Nbd2 0-0 17. Rae1 Ng6 18. h3 Nf4 19. Re5 Nxe5 20. Nxe5 Be6 21. Bf1 Rfd8 22. Ndc4 f6 23. Nxb6 cxb6 24. Nf3 Kf7 25. Nd4 Rac8 26. Bc1 Rxc3 27. Nxe6 Nxe6 28. Be3 Rd6 29. g3 Nd4 30. Kg2 Nc2 0-1

[Event "Gatineau Rentree-A"]
[Site "Gatineau"]
[Date "2017.09.12"]
[Round "1"]
[White "Solunac, Sasha"]
[Black "Jobin, Gilles G"]
[Result "1-0"]
[WhiteElo "1938"]
[BlackElo "1835"]
[PlyCount "123"]
[EventDate "2017.09.12"]
[EventType "swiss"]
[EventRounds "6"]
[EventCountry "CAN"]
[SourceTitle "EXT 2022"]
[Source "ChessBase"]
[SourceDate "2021.10.06"]
[SourceVersion "1"]
[SourceVersionDate "2021.10.06"]
[SourceQuality "1"]

1. e4 d6 2. d4 e5 3. Nf3 Nd7 4. Bc4 Be7 5. Nc3 h6 6. Be3 c6 7. 0-0 b5 8. Bb3 a5 9. a4 b4 10. Ne2 Ba6 11. Re1 Ngf6 12. Ng3 Qc7 13. dxe5 dxe5 14. Nd2 Nc5 15. Bc4 Bxc4 16. Nxc4 Rd8 17. Qe2 0-0 18. f3 Nfd7 19. Qf2 Rfe8 20. Nf5 Nb7 21. Qg3 Bf6 22. Bxh6 g6 23. Be3 Bg7 24. Nh6+ Bxh6 25. Bxh6 Nb6 26. Ne3 Nd6 27. Bg5 Rd7 28. Bf6 Re6 29. Qh4 Rxf6 30. Qxf6 Nbc4 31. Nxc4 Nxc4 32. Rad1 Qa7+ 33. Kh1 Qf2 34. Qg5 Ne3 35. Rc1 Nxc2 36. Rf1 Qe2 37. h4 Rd2 38. h5 Kh7 39. hxg6+ fxg6 40. f4 Ne3 41. Rce1 Qxg2+ 42. Qxg2 Nxg2 43. Rc1 Nxf4 44. Rxc6 Re2 45. Rc5 Rxe4 46. Rxa5 Nd3 47. b3 Re2 48. Rd5 Nf2+ 49. Kg2 Nd3+ 50. Kf3 Nf4 51. Rd7+ Kh6 52. Rb7 Rb2 53. Rxb4 Ne2 54. Rb6 Nd4+ 55. Ke3 Rh2 56. Rg1 Nxb3 57. Rbxg6+ Kh7 58. Rg7+ Kh8 59. Rg8+ Kh7 60. R1g7+ Kh6 61. Rg2 Rh3+ 62. R2g3 1-0

[Event "Outouais-ch"]
[Site "Gatineau"]
[Date "2017.05.16"]
[Round "5"]
[White "Desjardins, Michel"]
[Black "Solunac, Sasha"]
[Result "0-1"]
[WhiteElo "1923"]
[BlackElo "1946"]
[PlyCount "77"]
[EventDate "2017.04.18"]
[EventType "tourn"]
[EventRounds "7"]
[EventCountry "CAN"]
[SourceTitle "EXT 2022"]
[Source "ChessBase"]
[SourceDate "2021.10.06"]
[SourceVersion "1"]
[SourceVersionDate "2021.10.06"]
[SourceQuality "1"]

1. e4 e6 2. d4 d5 3. Nd2 Nf6 4. e5 Nfd7 5. Bd3 c5 6. c3 Nc6 7. Ne2 cxd4 8. cxd4 f6 9. Nf4 Nxd4 10. Qh5+ Ke7 11. Ng6+ hxg6 12. exf6+ Nxf6 13. Qxh8 Kf7 14. 0-0 e5 15. Nb3 Nxb3 16. axb3 e4 17. Be2 Qb6 18. Bg5 Be6 19. Rfc1 Rd8 20. Qh4 Be7 21. Qg3 Bd6 22. Qh4 Be5 23. Ra2 Qxb3 24. Rxa7 Qxb2 25. Bf1 d4 26. Raa1 Bd5 27. Rab1 Qa3 28. Bc4 Bxc4 29. Rxb7+ Kg8 30. Rxc4 e3 31. Rb1 e2 32. f4 Qe3+ 33. Qf2 Qd3 34. Rcc1 Ne4 35. Qh4 Qe3+ 36. Kh1 Nf2+ 37. Qxf2 Qxf2 38. Bxd8 Bxf4 39. Bb6 0-1

[Event "Outouais-ch"]
[Site "Gatineau"]
[Date "2017.05.09"]
[Round "4"]
[White "Gagnon, Fabien"]
[Black "Solunac, Sasha"]
[Result "1/2-1/2"]
[WhiteElo "1901"]
[BlackElo "1946"]
[PlyCount "42"]
[EventDate "2017.04.18"]
[EventType "tourn"]
[EventRounds "7"]
[EventCountry "CAN"]
[SourceTitle "EXT 2022"]
[Source "ChessBase"]
[SourceDate "2021.10.06"]
[SourceVersion "1"]
[SourceVersionDate "2021.10.06"]
[SourceQuality "1"]

1. e4 e5 2. Nf3 Nc6 3. Bc4 Bc5 4. c3 Nf6 5. d3 d6 6. Bb3 0-0 7. Nbd2 Be6 8. Nf1 Qe7 9. Ng3 Rad8 10. Qe2 Rfe8 11. 0-0 h6 12. Nh4 Qd7 13. Ngf5 Ne7 14. Nxe7+ Qxe7 15. Bxe6 fxe6 16. Nf3 Rf8 17. Be3 Bb6 18. a4 Qf7 19. a5 Bxe3 20. fxe3 Qh5 21. Rae1 a6 1/2-1/2

[Event "Gatineau Printemps-A"]
[Site "Gatineau"]
[Date "2017.03.21"]
[Round "1"]
[White "Scantland, Patrick"]
[Black "Solunac, Sasha"]
[Result "1/2-1/2"]
[WhiteElo "1798"]
[BlackElo "1955"]
[PlyCount "56"]
[EventDate "2017.03.21"]
[EventType "swiss"]
[EventRounds "4"]
[EventCountry "CAN"]
[SourceTitle "EXT 2022"]
[Source "ChessBase"]
[SourceDate "2021.10.06"]
[SourceVersion "1"]
[SourceVersionDate "2021.10.06"]
[SourceQuality "1"]

1. d4 Nf6 2. c4 e5 3. dxe5 Ng4 4. Nf3 Bc5 5. e3 Nc6 6. Be2 0-0 7. Nc3 Re8 8. 0-0 Ngxe5 9. a3 a5 10. e4 Nxf3+ 11. Bxf3 Ra6 12. Bf4 Ne5 13. Nd5 Rae6 14. Bxe5 Rxe5 15. b4 axb4 16. axb4 Bf8 17. c5 d6 18. Ra8 dxc5 19. bxc5 Bxc5 20. Qc2 Qd6 21. Rd1 b6 22. Qa4 Bd7 23. Rxe8+ Rxe8 24. Qa7 Bc6 25. Qxc7 Qxc7 26. Nxc7 Rc8 27. Nd5 Bxd5 28. exd5 Rd8 1/2-1/2

[Event "Gatineau Pere Noel-A"]
[Site "Gatineau"]
[Date "2017.01.24"]
[Round "5"]
[White "Thibault, Mario"]
[Black "Solunac, Sasha"]
[Result "0-1"]
[WhiteElo "1765"]
[BlackElo "1901"]
[PlyCount "76"]
[EventDate "2016.12.06"]
[EventType "swiss"]
[EventRounds "5"]
[EventCountry "CAN"]
[SourceTitle "EXT 2022"]
[Source "ChessBase"]
[SourceDate "2021.10.06"]
[SourceVersion "1"]
[SourceVersionDate "2021.10.06"]
[SourceQuality "1"]

1. e4 e6 2. f4 d5 3. e5 c5 4. Nf3 Nc6 5. c3 d4 6. Bd3 Nge7 7. Na3 Nd5 8. g3 a6 9. Nc2 b5 10. Be4 Bb7 11. Qe2 Nde7 12. 0-0 Qb6 13. d3 0-0-0 14. cxd4 cxd4 15. Bd2 Nd5 16. Rfc1 Kb8 17. a4 b4 18. a5 Nxa5 19. Rxa5 Qxa5 20. Na3 Ne3 21. Bxb7 Kxb7 22. Ng5 Qd5 23. Nxf7 bxa3 24. Nxd8+ Qxd8 25. bxa3 Bxa3 26. Rb1+ Ka7 27. Bxe3 dxe3 28. Qxe3+ Ka8 29. Rb6 Qc8 30. Qe4+ Ka7 31. Rc6 Qb7 32. Qc4 Qb5 33. Qd4+ Ka8 34. Qe4 Kb8 35. Rxe6 Rc8 36. Qe3 Rc1+ 37. Kf2 Bc5 38. d4 Qf1# 0-1

[Event "Gatineau Pere Noel-A"]
[Site "Gatineau"]
[Date "2017.01.17"]
[Round "4"]
[White "Solunac, Sasha"]
[Black "Laferriere, Bruno"]
[Result "1/2-1/2"]
[WhiteElo "1901"]
[BlackElo "2016"]
[PlyCount "108"]
[EventDate "2016.12.06"]
[EventType "swiss"]
[EventRounds "5"]
[EventCountry "CAN"]
[SourceTitle "EXT 2022"]
[Source "ChessBase"]
[SourceDate "2021.10.06"]
[SourceVersion "1"]
[SourceVersionDate "2021.10.06"]
[SourceQuality "1"]

1. d4 Nf6 2. c4 e6 3. Nc3 Bb4 4. Qc2 c5 5. e3 Nc6 6. Nf3 0-0 7. a3 Bxc3+ 8. Qxc3 b6 9. Bd3 Bb7 10. 0-0 Qe7 11. dxc5 bxc5 12. Rd1 h6 13. b3 e5 14. Bc2 e4 15. Nh4 Qe6 16. Bb2 Rfd8 17. Rd5 Qg4 18. Nf5 Nxd5 19. cxd5 Nd4 20. exd4 Qxf5 21. dxc5 f6 22. c6 dxc6 23. dxc6 Ba6 24. c7 Rd6 25. f3 Qd7 26. Bxe4 Rc8 27. Rc1 Rd1+ 28. Rxd1 Qxd1+ 29. Kf2 Qd6 30. Qa5 Rxc7 31. Bc3 Qc5+ 32. Qxc5 Rxc5 33. Bd4 Rc7 34. h4 Bb7 35. Bg6 Bd5 36. b4 a6 37. Ke3 Re7+ 38. Kd2 Bc4 39. Be4 Kf7 40. h5 Ke6 41. g4 Kd7 42. Bc5 Re8 43. a4 Kc7 44. Kc3 Be6 45. Kd4 Bc8 46. a5 Bb7 47. Bxb7 Kxb7 48. Kd3 Kc6 49. Kd4 Kb5 50. Kd3 Rc8 51. Kd4 Rc7 52. Kd5 Rd7+ 53. Ke4 Rc7 54. Kd5 Rd7+ 1/2-1/2

[Event "Gatineau Pere Noel-A"]
[Site "Gatineau"]
[Date "2016.12.13"]
[Round "2"]
[White "Solunac, Sasha"]
[Black "Bilodeau, Victor"]
[Result "1-0"]
[WhiteElo "1901"]
[BlackElo "1623"]
[PlyCount "75"]
[EventDate "2016.12.06"]
[EventType "swiss"]
[EventRounds "5"]
[EventCountry "CAN"]
[SourceTitle "EXT 2022"]
[Source "ChessBase"]
[SourceDate "2021.10.06"]
[SourceVersion "1"]
[SourceVersionDate "2021.10.06"]
[SourceQuality "1"]

1. b4 e5 2. Bb2 d6 3. e3 Nf6 4. f4 Ne4 5. Nf3 Bg4 6. Bd3 d5 7. a3 exf4 8. exf4 Bd6 9. Bxg7 Rg8 10. Be5 Bxf3 11. Qxf3 Qh4+ 12. g3 Nxg3 13. hxg3 Qe7 14. Qxd5 Nc6 15. Bb5 Kd7 16. Kd1 Rxg3 17. Rxh7 Rf8 18. Kc1 a6 19. Bc4 Rg1+ 20. Kb2 Nxe5 21. fxe5 Qxe5+ 22. Qxe5 Bxe5+ 23. Nc3 Bxc3+ 24. dxc3 Rxa1 25. Kxa1 Ke7 26. Kb2 b5 27. Bd3 c6 28. Be4 Kd6 29. Rh6+ f6 30. Rh7 Re8 31. Bd3 Ra8 32. c4 Ke5 33. c5 a5 34. Rc7 axb4 35. axb4 Ra6 36. Bf1 Ra4 37. c3 Ra6 38. Bg2 1-0